Biz diğerleri / (Kayıt no. 9117)

MARC ayrıntıları
000 -BAŞLIK
Sabit Uzunluktaki Kontrol Alanı 00543nam a22001937a 4500
003 - KONTROL NUMARASI KİMLİĞİ
Kontrol Alanı KOHA_MİRAKIL
005 - EN SON İŞLEM TARİHİ ve ZAMANI
Kontrol Alanı 20251013085442.0
008 - SABİT UZUNLUKTAKİ VERİ ÖGELERİ - GENEL BİLGİ
Sabit Alan 251013b tu ||||| |||| 00| 0 tur d
020 ## - ISBN - ULUSLARARASI STANDART KİTAP NUMARASI
Isbn 891.7342
040 ## - KATALOGLAMA KAYNAĞI
Özgün Kataloglama Kurumu TR-AnABB
Kataloglama Dili tur
Çeviri Kurumu TR-AnABB
041 ## - DİL KODU
Metin ya da ses kaydının dil kodu tur
082 ## - DEWEY ONU SINIFLAMA SİSTEMİ
Sınıflama Numarası 891.7342
Cutter numarası ZAM 2020
100 1# - KİŞİ ADI
Yazar Adı (Kişi adı) Zamyatin, Yevgeni İvanoviç,
245 10 - ESER ADI BİLDİRİMİ
Başlık Biz diğerleri /
Sorumluluk Bildirimi Yevgeni Zamyatin
260 ## - YAYIN, DAĞITIM, VB.
Yayın Yeri İstanbul :
Yayınevi NotaBene Yayınları,
Yayın Tarihi 2020
300 ## - FİZİKSEL TANIMLAMA
Sayfa, Cilt vb. 224 sayfa ;
Boyutları 24 cm
650 04 - KONU BAŞLIĞI EK GİRİŞ - KONU TERİMİ
Konusal terim veya coğrafi ad Rus edebiyatı, roman
942 ## - EK GİRİŞ ÖGELERİ (KOHA)
Sınıflama Kaynağı Dewey Decimal Classification
Materyal Türü Kitap
900 ## - YEREL BİLGİ
Kontrol Gizem YORULMAZ
Mevcut
Geri Çekilme Durumu Kayıp Durumu Sınıflandırma Kaynağı Kredi için değil Kalıcı Konum Mevcut Konum Kayıt Tarih Toplam Ödünçverme Yer Numarası Demirbaş Numarası Son Görülme Tarihi Fatura Tarihi Materyal Türü
    Dewey Decimal Classification   Büyükşehir Genç Akademi Batıkent Büyükşehir Genç Akademi Batıkent 13/10/2025   891.7342 ZAM 2020 ABB124769 13/10/2025 13/10/2025 Kitap